000 00729nam a2200229Ia 4500
001 15587
003 GE_BSU
008 181216s||||||||xx |||||||||||||| ||und||
040 _cGE_BSU
080 _a821.353.1-1
100 _aჩაჩუა, მიხეილ
245 _aქვაზე ამოკითხული
245 _bლექსები
245 _cრედ.ჯ.ნიქაბაძე. მხატვ.დ.დუნდუა
260 _aთბილისი
260 _bსაბჭოთა საქართველო
260 _c1971
300 _a67გვ. ; 17სმ
653 _aლექსები
653 _aქვაზე ამოკითხული
942 _cBK
999 _c48687
_d48687